Southville International School and Colleges
Your cart is empty.
  • Cart
  • Lists
    Public lists list_1 View all
    Your lists Log in to create your own lists
  • Log in to your account
  • Your cookies
  • Search history
Southville International School and Colleges
  • Advanced search
  • Recent comments
  • Most popular
  • Libraries

Log in to your account

Log in with GOOGLE


If you do not have an external account, but do have a local account, you can still log in:

  1. Home
  2. MARC view: Three friends and the leaves (The) /
Normal view MARC view ISBD view

Three friends and the leaves (The) / (Record no. 111306)

[ view plain ]
MARC details
000 -LEADER
fixed length control field 00500nam a2200181 a 4500
001 - CONTROL NUMBER
control field 3317
005 - DATE AND TIME OF LATEST TRANSACTION
control field 20140414131913.0
008 - FIXED-LENGTH DATA ELEMENTS--GENERAL INFORMATION
fixed length control field 040603s19uu xx 00 eng d
020 ## - INTERNATIONAL STANDARD BOOK NUMBER
International Standard Book Number 0-439-20739-8
050 ## - LIBRARY OF CONGRESS CALL NUMBER
Classification number ER
Item number T41 2000
100 ## - MAIN ENTRY--PERSONAL NAME
Personal name Depaola, Tomie
245 ## - TITLE STATEMENT
Title Three friends and the leaves (The) /
Statement of responsibility, etc by Tomie dePaola.
260 ## - PUBLICATION, DISTRIBUTION, ETC. (IMPRINT)
Place of publication, distribution, etc New York :
Name of publisher, distributor, etc Scholastic,
Date of publication, distribution, etc 2000.
300 ## - PHYSICAL DESCRIPTION
Extent 1 v. (unp.) : ill. ; cm.
650 ## - SUBJECT ADDED ENTRY--TOPICAL TERM
Topical term or geographic name as entry element Friendship--fiction.
650 ## - SUBJECT ADDED ENTRY--TOPICAL TERM
Topical term or geographic name as entry element Children stories.
Holdings
Withdrawn status Lost status Damaged status Use restrictions Home library Current library Shelving location Date acquired Source of acquisition Total Checkouts Full call number Barcode Date last seen Price effective from Koha item type
        Munich Library Munich Library Easy Reading Section 06/03/2004     ER T41 2000 M1963 04/14/2014 04/14/2014 Books

Three friends and the leaves (The) /

APA

Depaola T., . (2000). Three friends and the leaves (The). New York: Scholastic.

Chicago

Depaola Tomie, . 2000. Three friends and the leaves (The). New York: Scholastic.

Harvard

Depaola T., . (2000). Three friends and the leaves (The). New York: Scholastic.

MLA

Depaola Tomie, . Three friends and the leaves (The). New York: Scholastic. 2000.

  • Place hold
  • Print
  • Cite
  • Add to your cart (remove)
  • Save record
    BIBTEX Dublin Core MARCXML MARC (non-Unicode/MARC-8) MARC (Unicode/UTF-8) MARC (Unicode/UTF-8, Standard) MODS (XML) RIS
  • More searches
    Search for this title in:
    Other Libraries (WorldCat) Other Databases (Google Scholar) Online Stores (Bookfinder.com) Open Library (openlibrary.org)

Exporting to Dublin Core...

SOUTHVILLE LIBRARY

Southville International School and Colleges Library

1281 Tropical Ave. Cor. Luxembourg St., BF Homes International, Las Pinas City

Tel. No. 8256374 / 252358 Loc. 117/146

Powered by Koha